Statistics for Capital City Anagrams

Click here to take the quiz!

General Stats

  • This quiz has been taken 150 times
    (44 since last reset)
  • The average score is 11 of 16

Answer Stats

AnagramAnswer% Correct
kyotoTokyo
97%
grazebZagreb
89%
brenBern
86%
ascaracCaracas
76%
manamAmman
73%
kraadDakar
73%
litlannTallinn
73%
unitsTunis
73%
caracAccra
68%
petaiiTaipei
65%
mamaanManama
59%
okamabBamako
57%
asmaarAsmara
51%
ljubanBanjul
49%
lonweligLilongwe
46%
prilkiaPalikir
30%

Score Distribution

Percentile by Number Answered

Percent of People with Each Score

Your Score History

You have not taken this quiz since the last reset